|
|
|
|
| LEADER |
01574nam a2200445 a 4500 |
| 001 |
000065950 |
| 003 |
CZ BrMZK |
| 005 |
20211110143336.0 |
| 007 |
ta |
| 008 |
010907s1996 xr e 0acze d |
| 015 |
|
|
|a cnb000363508
|
| 020 |
|
|
|a 80-901922-2-X
|
| 040 |
|
|
|a BOA001
|b cze
|
| 045 |
|
|
|a w8x4
|
| 072 |
|
7 |
|a 22/24
|x Náboženství Dálného východu. Indická náboženství. Hinduismus. Buddhismus
|2 Konspekt
|9 5
|
| 072 |
|
7 |
|a 929
|x Biografie
|2 Konspekt
|9 8
|
| 080 |
|
|
|a 233-852.5Y-051
|2 MRF
|
| 080 |
|
|
|a 2-335
|2 MRF
|
| 080 |
|
|
|a 233-852.5Y
|2 MRF
|
| 080 |
|
|
|a 165.322
|2 MRF
|
| 080 |
|
|
|a 929
|2 MRF
|
| 080 |
|
|
|a (092)
|2 MRF
|
| 080 |
|
|
|a (049)
|2 MRF
|
| 100 |
0 |
|
|a Yogananda,
|c Paramahansa,
|d 1893-1952
|7 xx0005063
|
| 245 |
1 |
0 |
|a Životopis jógina /
|c Paramhansa Jógánanda
|
| 250 |
|
|
|a Vyd. 1.
|
| 260 |
|
|
|a Praha :
|b Aquamarin,
|c 1996
|
| 300 |
|
|
|a 403 s. :
|b il. ;
|c 22 cm
|
| 600 |
0 |
7 |
|a Yogananda,
|c Paramahansa,
|d 1893-1952
|7 xx0005063
|2 czenas
|
| 648 |
|
7 |
|a 20. století
|7 ch460558
|
| 650 |
0 |
7 |
|a jógíni
|y 20. století
|7 ph121380
|2 czenas
|
| 650 |
0 |
7 |
|a duchovní učitelé
|y 20. století
|7 ph119637
|2 czenas
|
| 650 |
0 |
7 |
|a jóga
|7 ph114850
|2 czenas
|
| 650 |
0 |
7 |
|a duchovní poznání
|7 ph119632
|2 czenas
|
| 655 |
|
7 |
|a autobiografie
|7 fd131855
|2 czenas
|
| 655 |
|
7 |
|a pojednání
|7 fd133056
|2 czenas
|
| 910 |
|
|
|a BOA001
|b 2-1019.803
|
| 990 |
|
|
|a BK
|
| 996 |
7 |
|
|b 2610035557
|c 2-1019.803
|l MZK
|r Sklad / do 1 hodiny
|n 63
|p kup
|w 000065950
|u 000010
|a 1
|e BOA001
|j MZK50
|s A
|
| 996 |
6 |
|
|b 2610038251
|c 2-1019.803
|l MZK
|r Sklad / do 1 hodiny
|n 7
|p p.v.
|w 000065950
|u 000020
|a 1
|e BOA001
|j MZK50
|s P
|